[Event "AUTO-OPEN-1086"]
[Site "http://www.queenalice.com/game.php?id=384496"]
[Date "2008.4.9"]
[Round "1"]
[White "kamitnishi"]
[Black "coffeesean"]
[Result "0-1"]
[WhiteElo "1369"]
[BlackElo "1467"]

1. e4 Nc6 2. d4 d5 3. exd5 Qxd5 4. Nf3 Nf6 5. Be3 e5 6. Nc3 Qa5 7. dxe5 Ng4 8.
Bd2 Ncxe5 9. Nxe5 Qxe5+ 10. Be2 Nxf2 11. Kxf2 Bc5+ 12. Kf1 Qf5+ 13. Bf3 O-O 14.
Nd5 Bd6 15. Bf4 Re8 16. Bxd6 cxd6 17. Nc7 Bd7 0-1

[Event "AUTO-OPEN-1086"]
[Site "http://www.queenalice.com/game.php?id=384497"]
[Date "2008.4.9"]
[Round "1"]
[White "coffeesean"]
[Black "kamitnishi"]
[Result "1-0"]
[WhiteElo "1479"]
[BlackElo "1353"]

1. e4 c5 2. Bc4 d6 3. a4 Nf6 4. Nc3 a6 5. b4 cxb4 6. Nd5 e6 7. Nxf6+ Qxf6 8. d4
Nc6 9. Bb2 Qg6 10. Nf3 Qxe4+ 11. Qe2 Qg4 12. O-O d5 13. h3 Qh5 14. g4 Qxh3 15.
Ng5 Qh4 16. Nxe6 Bxe6 17. Bxd5 Bd6 18. f4 Kd7 19. Qh2 1-0

[Event "AUTO-OPEN-1086"]
[Site "http://www.queenalice.com/game.php?id=384522"]
[Date "2008.4.9"]
[Round "1"]
[White "HolyPhoenix"]
[Black "coffeesean"]
[Result "1-0"]
[WhiteElo "1580"]
[BlackElo "1418"]

1. e4 e5 2. f4 d5 3. exd5 exf4 4. Bb5+ Bd7 5. Qe2+ Be7 6. d4 a6 7. Bxd7+ Nxd7 8.
Bxf4 Ngf6 9. d6 cxd6 10. Bxd6 O-O 11. Bxe7 Qa5+ 12. b4 Qb5 13. Qxb5 axb5 14.
Bxf8 Re8+ 15. Ne2 Nxf8 16. Nc3 Ne6 17. d5 1-0

[Event "AUTO-OPEN-1086"]
[Site "http://www.queenalice.com/game.php?id=384523"]
[Date "2008.4.9"]
[Round "1"]
[White "coffeesean"]
[Black "HolyPhoenix"]
[Result "0-1"]
[WhiteElo "1408"]
[BlackElo "1614"]

1. e4 e5 2. d4 exd4 3. Qxd4 Nc6 4. Qc4 Nf6 5. c3 Qe7 6. Bd3 Ne5 7. Qxc7 Nxd3+ 8.
Kd2 Nxf2 9. b3 Nxh1 10. Ba3 Nxe4+ 11. Kd1 Nef2+ 12. Kd2 Qg5+ 13. Ke2 Qg4+ 14.
Nf3 Qe4+ 15. Kd2 Qd3+ 0-1

[Event "AUTO-OPEN-1086"]
[Site "http://www.queenalice.com/game.php?id=384540"]
[Date "2008.4.9"]
[Round "1"]
[White "coffeesean"]
[Black "KobeB"]
[Result "0-1"]
[WhiteElo "1442"]
[BlackElo "1766"]

1. a4 e5 2. e4 Nc6 3. Nf3 Bc5 4. c4 Nf6 5. Nc3 d6 6. d4 exd4 7. Nd5 Nxd5 8. exd5
Ne5 9. Nxd4 Bg4 10. Be2 Bxe2 11. Kxe2 Qh4 12. Be3 Nxc4 13. g3 Qe4 14. Qd3 Qxd3+
15. Kxd3 Ne5+ 16. Ke4 O-O 17. b3 Rfe8 18. Kf5 g6+ 19. Kg5 Bxd4 20. Kf4 Bxa1 21.
Rxa1 c6 22. Re1 Nd3+ 23. Kg5 Nxe1 24. Bf4 Nf3+ 25. Kg4 Nxh2+ 26. Kh3 Nf3 27.
Bxd6 cxd5 0-1

[Event "AUTO-OPEN-1086"]
[Site "http://www.queenalice.com/game.php?id=384541"]
[Date "2008.4.9"]
[Round "1"]
[White "KobeB"]
[Black "coffeesean"]
[Result "1-0"]
[WhiteElo "1788"]
[BlackElo "1490"]

1. e4 Nc6 2. d4 d5 3. e5 f5 4. Nc3 e6 5. Bb5 Bb4 6. Bd2 Ne7 7. a3 a6 8. axb4 O-O
9. Bxc6 Nxc6 10. g4 Nxd4 11. gxf5 Nxf5 12. b5 Qh4 13. Nf3 Qh3 14. Ng5 Qg2 15.
Rf1 d4 16. Ne2 Nh4 17. Ng3 Nf3+ 18. Nxf3 Rxf3 19. Qe2 c5 20. bxc6 b5 21. O-O-O
a5 22. Qxb5 Qxh2 23. Ne4 Ba6 24. Qxa5 h5 25. Nc5 Bxf1 26. Qxa8+ Rf8 27. Qb7 Rxf2
28. Nxe6 Rf7 29. Qb8+ Kh7 30. Ng5+ Kg6 31. Nxf7 Qe2 32. Nd8 Qxe5 33. Qxe5 1-0

[Event "AUTO-INT-861"]
[Site "http://www.queenalice.com/game.php?id=384703"]
[Date "2008.4.9"]
[Round "1"]
[White "PAESLEME"]
[Black "coffeesean"]
[Result "1-0"]
[WhiteElo "1528"]
[BlackElo "1436"]

1. d4 Nf6 2. Nc3 d5 3. Bg5 a6 4. Bxf6 exf6 5. g3 c6 6. Bg2 a5 7. e4 b5 8. exd5
Bb7 9. dxc6 Bxc6 10. Bxc6+ Nxc6 11. Nxb5 f5 12. Qf3 Nxd4 13. Nxd4 Qe7+ 14. Nge2
Qb4+ 15. Qc3 Ra6 16. O-O Bc5 17. Qxb4 Bxb4 18. c3 Bc5 19. Rfe1 O-O 20. Nxf5 g6
21. Nh4 f5 22. Rad1 g5 23. Ng2 h5 24. Rd5 Bxf2+ 25. Kxf2 Kg7 26. Nd4 f4 27. gxf4
1-0

[Event "AUTO-INT-861"]
[Site "http://www.queenalice.com/game.php?id=384704"]
[Date "2008.4.9"]
[Round "1"]
[White "coffeesean"]
[Black "PAESLEME"]
[Result "0-1"]
[WhiteElo "1449"]
[BlackElo "1515"]

1. e4 e5 2. d4 Qh4 3. Be3 Qxe4 4. Nf3 Nc6 5. Nc3 Qg4 6. Nd5 Bd6 7. h3 Qe4 8.
dxe5 Nxe5 9. Ng5 Qg6 10. f4 Nc6 11. Be2 h5 12. O-O Nce7 13. Bd3 f5 14. Qe2 Nxd5
15. Bc5+ Nge7 16. Rae1 Bxc5+ 17. Kh1 b6 18. Rf3 Bb7 19. c4 Nxf4 20. Rxf4 Rf8 21.
h4 O-O-O 22. Bxf5 Nxf5 23. Kh2 Be3 24. Rxf5 Rxf5 25. Qxe3 Rdf8 26. g3 Rf2+ 27.
Qxf2 Rxf2+ 28. Kg1 Rg2+ 0-1

[Event "AUTO-INT-861"]
[Site "http://www.queenalice.com/game.php?id=384717"]
[Date "2008.4.9"]
[Round "1"]
[White "VelhoBuk"]
[Black "coffeesean"]
[Result "0-1"]
[WhiteElo "1282"]
[BlackElo "1445"]

1. e4 e5 2. Nf3 Nc6 3. c3 a6 4. d4 d5 5. Bd3 h6 6. Be3 Nf6 7. h3 exd4 8. exd5
dxe3 9. dxc6 bxc6 10. fxe3 g6 11. c4 Bc5 12. Qe2 Bf5 0-1

[Event "AUTO-INT-861"]
[Site "http://www.queenalice.com/game.php?id=384718"]
[Date "2008.4.9"]
[Round "1"]
[White "coffeesean"]
[Black "VelhoBuk"]
[Result "1-0"]
[WhiteElo "1454"]
[BlackElo "1273"]

1. c4 Nc6 2. Nf3 Nf6 3. e3 d6 4. d4 d5 5. Nc3 e6 6. c5 Bd7 7. a3 a5 8. Bd3 Be7
9. b3 O-O 10. h3 Qb8 11. Ne5 Nxe5 12. dxe5 1-0

[Event "AUTO-INT-861"]
[Site "http://www.queenalice.com/game.php?id=384725"]
[Date "2008.4.9"]
[Round "1"]
[White "HolyPhoenix"]
[Black "coffeesean"]
[Result "1-0"]
[WhiteElo "1608"]
[BlackElo "1509"]

1. e4 a5 2. Nf3 h6 3. Bc4 e6 4. Nc3 Nf6 5. e5 d5 6. Bd3 Nfd7 7. O-O Nc6 8. Bb5
f5 9. d4 g5 10. Ne1 Nb6 11. Qh5+ Ke7 12. Bxg5+ Kd7 13. Bxd8 Kxd8 14. Qf7 Bd7 15.
Qf6+ 1-0

[Event "AUTO-INT-861"]
[Site "http://www.queenalice.com/game.php?id=384726"]
[Date "2008.4.9"]
[Round "1"]
[White "coffeesean"]
[Black "HolyPhoenix"]
[Result "0-1"]
[WhiteElo "1400"]
[BlackElo "1622"]

1. a4 Nf6 2. Nc3 e5 3. e4 Bb4 4. Nd5 Nxd5 5. exd5 O-O 6. Bc4 Qh4 7. c3 Qxc4 8.
d3 Qxd5 9. cxb4 Qxg2 10. Nf3 Qxh1+ 11. Ke2 Qxd1+ 12. Kxd1 d6 13. d4 Bg4 14. Ke2
e4 0-1

[Event "AUTO-INT-983"]
[Site "http://www.queenalice.com/game.php?id=440239"]
[Date "2008.7.28"]
[Round "1"]
[White "Romerflu"]
[Black "coffeesean"]
[Result "1-0"]
[WhiteElo "1573"]
[BlackElo "1398"]

1. e4 e5 2. Nf3 f6 3. d4 Bb4+ 4. c3 Ba5 5. dxe5 c5 6. exf6 gxf6 7. Bc4 Ke7 8.
O-O Nc6 9. e5 d5 10. Ng5 dxc4 11. Nf3 Qxd1 12. Rxd1 Nxe5 13. Re1 Kf7 14. Nxe5+
Kf8 15. Nf3 Kf7 16. b3 Bf5 17. Ba3 Ne7 18. Bxc5 Rae8 19. Bxa7 Nd5 20. Rxe8 Rxe8
21. Na3 Bxc3 22. Rd1 Ra8 23. Rxd5 Be4 24. Rd7+ Ke6 25. Rxb7 Bxb7 26. Nb5 Bxf3
27. gxf3 Rg8+ 28. Kf1 Be5 29. bxc4 Bxh2 30. Nd4+ Kd7 31. Ne2 Ra8 32. Kg2 Be5 33.
Bd4 Rxa2 34. Bxe5 fxe5 35. Nc3 Rc2 36. Nd5 Kc6 37. Ne3 Rc1 38. Kg3 Kc5 39. f4 e4
40. f5 h5 41. f6 1-0

[Event "AUTO-INT-983"]
[Site "http://www.queenalice.com/game.php?id=440240"]
[Date "2008.7.28"]
[Round "1"]
[White "coffeesean"]
[Black "Romerflu"]
[Result "0-1"]
[WhiteElo "1408"]
[BlackElo "1554"]

1. e4 e5 2. Nf3 d6 3. Bb5+ c6 4. Ba4 Bg4 5. b4 b5 6. Bb3 f6 7. Bb2 c5 8. c3 c4
9. Bc2 d5 10. Na3 a6 11. O-O dxe4 12. Bxe4 Ra7 13. h3 Bxf3 14. Qxf3 Qxd2 15.
Rfd1 Qxb2 16. Bc6+ Nxc6 17. Qxc6+ Kf7 18. Nxc4 Qxc3 19. Rac1 Qxb4 20. Nxe5+ fxe5
21. Rd7+ Rxd7 22. Qxd7+ Be7 23. Qd5+ Kg6 24. Rc6+ Nf6 25. Qd3+ e4 26. Qg3+ Kf7
27. Rxa6 Qb1+ 28. Kh2 Rd8 29. Qc7 Rd1 30. Qf4 Rh1+ 31. Kg3 Qd3+ 32. Qe3 Bd6+ 33.
Kh4 h6 34. Ra7+ Kf8 35. Ra8+ Ne8 36. Kg4 Qd1+ 37. Kf5 Qd5+ 38. Kg4 Qxa8 0-1

[Event "AUTO-INT-983"]
[Site "http://www.queenalice.com/game.php?id=440251"]
[Date "2008.7.28"]
[Round "1"]
[White "elisangela"]
[Black "coffeesean"]
[Result "1-0"]
[WhiteElo "1660"]
[BlackElo "1389"]

1. e3 d5 2. h3 f5 3. b3 Nf6 4. d3 Nc6 5. Bb2 e5 6. d4 e4 7. Ne2 Bb4+ 8. c3 Ba5
9. b4 Bb6 10. Ba3 Ne7 11. Ng3 f4 12. exf4 O-O 13. Qb3 c6 14. Nd2 Nf5 15. Nxf5
1-0

[Event "AUTO-INT-983"]
[Site "http://www.queenalice.com/game.php?id=440252"]
[Date "2008.7.28"]
[Round "1"]
[White "coffeesean"]
[Black "elisangela"]
[Result "0-1"]
[WhiteElo "1384"]
[BlackElo "1665"]

1. e4 e6 2. Nf3 h6 3. d3 g5 4. g4 d6 5. Nc3 a6 6. d4 Bg7 7. Bd3 b5 8. Be3 Qf6 9.
Qe2 Bb7 10. O-O-O e5 11. Nd5 Bxd5 12. dxe5 dxe5 13. exd5 e4 14. Bxe4 Qxb2+ 15.
Kd2 Qc3+ 0-1

[Event "AUTO-INT-983"]
[Site "http://www.queenalice.com/game.php?id=440259"]
[Date "2008.7.28"]
[Round "1"]
[White "coffeesean"]
[Black "ferreirabsd"]
[Result "0-1"]
[WhiteElo "1435"]
[BlackElo "1584"]

1. e4 e6 2. Nf3 Nc6 3. Bc4 g6 4. Nc3 Bg7 5. d4 Nge7 6. Bg5 O-O 7. O-O d5 8. exd5
h6 9. Be3 exd5 10. Bd3 Bg4 11. h3 Bxf3 12. Qxf3 Nxd4 13. Bxd4 Bxd4 14. Rad1 Bxc3
15. bxc3 c5 16. Be2 f5 17. c4 Rf6 18. Qc3 d4 19. Qd3 Nc6 20. c3 Rd6 21. g4 Ne5
22. Qg3 Qf6 0-1

[Event "AUTO-INT-983"]
[Site "http://www.queenalice.com/game.php?id=440260"]
[Date "2008.7.28"]
[Round "1"]
[White "ferreirabsd"]
[Black "coffeesean"]
[Result "1-0"]
[WhiteElo "1594"]
[BlackElo "1425"]

1. c4 e5 2. Nc3 c6 3. Nf3 d6 4. d4 exd4 5. Nxd4 Nf6 6. Bg5 c5 7. Ndb5 h6 8. Bh4
Be7 9. Bxf6 Be6 10. e4 Bxf6 11. Nxd6+ Kf8 12. Nxb7 Qxd1+ 13. Rxd1 Nc6 14. Nxc5
Rd8 15. Nxe6+ fxe6 16. Rxd8+ Bxd8 17. Be2 a6 18. O-O Bf6 19. Rd1 Kf7 20. Rd6 Nd4
21. Rxa6 1-0